Statistiche per Acquisti più costosi - Lazio

Clicka qui per fare il quiz!

Statistiche generali

  • Questo quiz è stato fatto 17 volte
  • Il punteggio medio è 9 su 20

Statistiche sulle risposte

Costo (M €)DaNazioneAnnoCalciatore% Corretto
28,41Atletico MadridItalia1998Christian Vieri
94%
56,61ParmaArgentina2000Hernán Crespo
94%
48ValenciaSpagna2001Gaizka Mendieta
82%
30ParmaArgentina1999Juan Sebastián Verón
82%
12,70SalernitanaCosta d'Avorio2020Jean-Daniel Akpa Akpro
59%
25,75Manchester UnitedPaesi Bassi2001Jaap Stam
53%
15SPALItalia2019Manuel Lazzari
53%
17SampdoriaSerbia1998Siniša Mihajlović
53%
20FenerbahçeAlbania/Kosovo2020Vedat Muriqi
53%
12,39Stella Rossa BelgradoSerbia1998Dejan Stanković
47%
17,50River PlateCile1998Marcelo Salas
47%
20,20Al-Sadd SCArgentina2009Mauro Zárate
41%
25UdineseItalia2001Stefano Fiore
29%
13,50San PaoloBrasile2010Hernanes
24%
23ValenciaArgentina2000Claudio Lopez
18%
15BarcellonaSpagna1998Iván de la Peña
18%
17,85SivigliaArgentina2018Joaquín Correa
18%
17,90InterItalia2000Angelo Peruzzi
12%
15JuventusSerbia2001Darko Kovačević
12%
13PerugiaItalia2001Fabio Liverani
0%

Distribuzione punteggi

Percentile per numero di risposta

Percentuale di utenti per punteggio

I tuoi punteggi nel tempo

Non hai fatto questo quiz